000
00256nam a2200109Ia 4500
008
231212s1978 xx 000 0 und d
041
_a
eng
082
_a
604.2
100
_a
Shor L.A.
245
_a
The Kinematic Method in
260
_a
Mascow
_b
Mir Pub
_c
1978
999
_c
958542
_d
958542